| 000 | 00884cam a2200229 a 4500 | ||
|---|---|---|---|
| 001 | 000005752 | ||
| 005 | 20200929151753.0 | ||
| 008 | 810519s1978 uy 000 j spa | ||
| 040 |
_aDO-SdBNP _cDLC _dDLC |
||
| 082 |
_aU863.3 _bG216n |
||
| 100 | 1 |
_aGarcía Saiz, Valentín, _d1894- _916280 |
|
| 245 | 1 | 3 |
_aEl narrador gaucho, novela en cuentos : _bselección de cuentos / _cValentín García Sáiz ; prólogo de Domingo Luis Bordoli. |
| 260 |
_aMontevideo, Uruguay : _bMinisterio de Educación y Cultura, _c1978. |
||
| 300 |
_axxii, 236 p. ; _c19 cm. |
||
| 490 | 1 | _aBiblioteca artigas. | |
| 490 | 1 |
_aClásicos uruguayos _v153. |
|
| 650 | 4 |
_aNovela uruguaya _95679 |
|
| 650 | 4 |
_aLiteratrura uruguaya _ySIGLO XX _916281 |
|
| 700 | 1 |
_aBordoli, Domingo Luis, _epról. _916282 |
|
| 830 | 0 |
_aBiblioteca Artigas. _pClásicos uruguayos ; _vv. 153. _916276 |
|
| 910 | _aCatalogación por copia / LC | ||
| 999 |
_c5548 _d5548 |
||